LIMDEP Version 7.0 Users's Manual (Record no. 528257)

000 -LEADER
fixed length control field 00309nam a22001337a 4500
003 - CONTROL NUMBER IDENTIFIER
control field NUST
038 ## - RECORD CONTENT LICENSOR
Staff Name MSOHAIL
082 ## - DEWEY DECIMAL CLASSIFICATION NUMBER
Classification number 330.028
Author Mark GRE
100 ## - MAIN ENTRY--PERSONAL NAME
Personal name William H. Greene
9 (RLIN) 19966
245 ## - TITLE STATEMENT
Title LIMDEP Version 7.0 Users's Manual
260 ## - PUBLICATION, DISTRIBUTION, ETC.
Place of publication, distribution, etc. Boston
Name of publisher, distributor, etc. Pearson
Date of publication, distribution, etc. 1998
300 ## - PHYSICAL DESCRIPTION
Extent 924;P
Dimensions 25CM
942 ## - ADDED ENTRY ELEMENTS (KOHA)
Source of classification or shelving scheme
Koha item type Book
Holdings
Withdrawn status Lost status Source of classification or shelving scheme Damaged status Not for loan Permanent Location Current Location Date acquired Total Checkouts Full call number Barcode Date last seen Price effective from Koha item type
          School of Civil and Environmental Engineering (SCEE) School of Civil and Environmental Engineering (SCEE) 09/04/2019   330.028 GRE NIT-10312 09/04/2019 09/04/2019 Book
© 2023 Central Library, National University of Sciences and Technology. All Rights Reserved.